Quizzes
Events
Quiz Creation
Community
Videos
Private Events
Remove Ads
Sign In
Join for FREE
Feedback
Dark Mode
Quiz Categories
Sports
Geography
Music
Movies
Television
Just For Fun
Miscellaneous
History
Literature
Language
Science
Gaming
Entertainment
Religion
Holiday
For Kids
Quiz Lab
Recent
Popular Today
Quiz Kudos Today
Editor Picks
Curator Picks
Quizzes by...
Day
Popularity
Type
Ratings
Length
Year
Community
Subscriptions
Recent Discussions
Orange Saloon
Badges
Playlists
Quests
Create
Leaderboards
Showdown
Live 5
Trivia Bingo
Activity
Puzzle Library
Sporcle Events
Private Events
Virtual Trivia
Globe League
Become a Host
Pub Owners
SporcleCon
Opinionation
Our Games
Videos
Blog
Mobile Apps
Partnerships
Remove Ads and Go Orange
Feedback
Sports
Athletes
MLB
NBA
NHL
NFL
Soccer
Sports Teams
WWE
NCAA
Football
Premier League
Basketball
Baseball
Hockey
Golf
Tennis
Cricket
Rugby
Auto Racing
Olympics
World Cup
Sports
Athletes
MLB
NBA
NHL
NFL
Soccer
Sports Teams
WWE
NCAA
Football
Premier League
Basketball
Baseball
Hockey
Golf
Tennis
Cricket
Rugby
Auto Racing
Olympics
World Cup
Random Quiz
Search Sporcle
×
Quiz Lab
Quiz Lab
Sports
College
Type in answers that appear in a list
Type in answers that appear in a list
Classic
Best Score? Go Orange.
Highest paid college football coaches Stats
Can you name the highest paid college football coaches according to USA Today (total annual salary)?
By
FrankieFastHands
10m
51 Questions
557 Plays
557 Plays
557 Plays
Comments
Comments
Give Quiz Kudos
Give Quiz Kudos
-
- Ratings
hide this ad
Replay
Link that replays current quiz
Next Quiz
Link to next quiz in quiz playlist
You Got
0%
They Got
Avg Score
36%
Avg Friend Score
Upgrade to see
Score Distribution
Jump to the score distribution portion of the page
Score
0/51
Timer
10:00
0
Plays Today
Conference
Coach
% Correct
SEC
Nick Saban
86.7%
SEC
Urban Meyer
85.8%
Pac-
10
Pete Carroll
79%
Big 12
Bob Stoops
78.1%
Big 12
Mack Brown
74.1%
Pac-
10
Mike Stoops
74%
Big Ten
Jim Tressel
68.4%
SEC
Les Miles
67.3%
Big Ten
Rich Rodriguez
65.4%
ACC
Bobby Bowden
58.3%
SEC
Lane Kiffin
56.4%
SEC
Steve Spurrier
53%
Pac-
10
Chip Kelly
51.7%
Big East
Brian Kelly
51.2%
SEC
Mark Richt
48.1%
ACC
Paul Johnson
43.8%
SEC
Bobby Petrino
43.6%
SEC
Houston Nutt
40.2%
Big 12
Mike Leach
37.2%
Big 10
Kirk Ferentz
36.4%
ACC
Frank Beamer
36.3%
ACC
Butch Davis
33.8%
Big 12
Bo Pelini
32.5%
Big 12
Mike Gundy
32.5%
SEC
Gene Chizik
32.1%
Big 12
Mark Mangino
29.3%
Conference
Coach
% Correct
Big Ten
Mark Dantonio
27.6%
CUSA
June Jones
27.3%
Big Ten
Ron Zook
25.7%
Pac-
10
Rick Neuheisel
25.7%
Pac-
10
Jeff Tedford
23.9%
Big 12
Mike Sherman
23.9%
Big Ten
Bret Bielema
23.7%
Pac-
10
Dennis Erickson
23.5%
Big 12
Bill Snyder
23%
ACC
Al Groh
21.7%
Pac-
10
Steve Sarkisian
21.4%
MWC
Gary Patterson
20.1%
ACC
Tom O'Brien
18.1%
Big 12
Gary Pinkel
18%
ACC
Ralph Friedgen
18%
SEC
Rich Brooks
17.6%
CUSA
Skip Holtz
17.2%
SEC
Dan Mullen
17.1%
Big East
Greg Schiano
16.7%
ACC
Jim Grobe
13.5%
Big East
Randy Edsall
11.3%
Big East
Steve Kragthorpe
10.8%
Big East
Jim Leavitt
10.2%
MWC
Kyle Whittingham
9.2%
CUSA
George O'Leary
7.4%
Quiz Playlist
Details
Report
Send in Message
Add To Playlist
Classic:
Type in answers that appear in a list
Quiz Source
Last Updated: Feb 16, 2017
Quiz Scoreboard
CHALLENGE
Sign Up to Join the Scoreboard
Show All
Scores
Hide
Comments
May contain spoilers
Recently Published
Movies - When Are They Set?
by FPL_Elf
Movies
5m
Popular People in 1961
by mucciniale
History
6m
1-10 Letter E Words III
by El_Dandy
Language
2m
More to Explore
Quiz From the Vault
Featured Blog Post
Where Did the Easter Bunny Come From?
hide this ad
You Might Also Like...
Tags
College Quiz
Football Quiz
United States Quiz
annual
coach
Conference
highest
paid
Salary
Today
total
USA Today
Today's Top Quizzes in Sports
Browse Sports
hide this ad
Today's Top Quizzes in College
Browse College
Top Contributed Quizzes in Sports
1
Les meilleurs buteurs des matchs entre le PSG et l’OM
2
FIFA Club World Cup Champions
3
Les entraîneurs de l'OM et du PSG au 21e siècle
4
2022 World Cup Stars
5
Name the Premier League winners with different clubs
6
La finale Lions - Afrique du Sud 2021
7
Criteria MLB: Left Handed Sluggers
8
Les joueurs passés par le LOSC et le RC Lens
9
Players with Multiple 50 Home Run Seasons
10
MLB Players with Two .350 Batting Average Seasons
Explore More
Trending Topics
Marvel
Kpop
Harry Potter
Anime
NBA
Disney
Crossword
Country
WWE
Song
Soccer
Pokémon
NFL
The Office
Puzzle
hide this ad
More By:
FrankieFastHands
Quiz
Plays
Rating
Category
Featured
Created
Teams Duke Has Lost To
5,998
4.00
Sports
Dec 7, 2009
NCAA Passing TD Leaders 2004-2009
2,715
4.25
Sports
Nov 19, 2009
Male athletes with girl names
2,395
2.57
Sports
Nov 12, 2009
Duke Basketball Leading Scorers
1,570
4.83
Sports
Feb 10, 2011
Highest Career Passer Rating (NCAA)
1,437
4.47
Sports
Oct 24, 2010
Go to Creator's Profile
Score Distribution
Quiz Creator Spotlight
FrankieFastHands
Follow
Send a Message
Quizzes Created
-
Created Quiz Play Count
-
More By This Creator
Popular Quizzes Today
1
Find the Countries of Europe - No Outlines Minefield
2
Find the US States - No Outlines Minefield
3
The Countries of the World
4
Popular People in 1961
5
1-10 Letter E Words III
6
US States
7
Find the US States
8
One Thing in Common: World Cities II
More Sports Quizzes
MLB #1 Draft Picks
Published
Trending Quizzes
Risky Map Clicking: Least Populous States A-Z
1-10 Letter F Words
Humor Books: The Subtitles
1-10 Letter G Words
One Thing in Common: United Kingdom
Recently Updated
Leaping Animals
pecheneg
Reality TV Shows (A-Z)
bhenderson79
Rickey Henderson's Hall of Fame Teammates
pecheneg
Champions League XIs: Arsenal
pecheneg
Quick Pick: Celebrities in WWE's Hall of Fame
aduchscher
A-Z Keypad Blitz II
pecheneg
Multiple Oscar Actors
pecheneg
Mystery Phrase Blitz: Oscar 'Best Actors'
pecheneg
F. Scott Fitzgerald Novels
LTH
Pick 3 Villains
ddd62291
Trending Topics
NBA
Marvel
Anime
Crossword
Harry Potter
Kpop
Disney
Song
The Office
NFL
WWE
Puzzle
Pokémon
Country
Soccer
Your Account Isn't Verified!
In order to create a playlist on Sporcle, you need to verify the email address you used during registration. Go to your
Sporcle Settings
to finish the process.
Report this User
Report this user for behavior that violates our
Community Guidelines
.
Details:
Send Report
Go to the Sporcle.com Mobile Site →
Comments